Performance Tuning for Linux® Servers /

Proven techniques for optimizing web, file, print, database, and application servers Practical introductions to open source performance management tools Easy-to-understand examples based on Red Hat Enterprise Linux and Novell SUSE Linux Enterprise Server An indispensable guide to maximizing Linux sy...

Full description

Bibliographic Details
Main Authors: Johnson, Sandra (Author), Huizenga, Gerrit (Author), Pulavarty, Badari (Author)
Corporate Author: Safari, an O'Reilly Media Company
Format: eBook
Language:English
Published: IBM Press, 2005.
Edition:1st edition.
Subjects:
Online Access:Connect to this electronic resource

MARC

Tag First Indicator Second Indicator Subfields
LEADER 00000uam a2200000 a 4500
001 in00004257909
005 20260123204555.3
006 m o d
007 cr cn
008 110513s2005 xx o eng
020 |z 9780131447530 
020 |z 013144753X 
035 |a (CaSebORM)013144753X 
040 |d UtOrBLW 
041 0 |a eng 
100 1 |a Johnson, Sandra,  |e author.  |0 http://id.loc.gov/authorities/names/n78080627 
245 1 0 |a Performance Tuning for Linux® Servers /  |c Johnson, Sandra. 
250 |a 1st edition. 
264 1 |b IBM Press,  |c 2005. 
300 |a 1 online resource (576 pages) 
336 |a text  |b txt  |2 rdacontent 
337 |a computer  |b c  |2 rdamedia 
338 |a online resource  |b cr  |2 rdacarrier 
347 |a text file 
520 |a Proven techniques for optimizing web, file, print, database, and application servers Practical introductions to open source performance management tools Easy-to-understand examples based on Red Hat Enterprise Linux and Novell SUSE Linux Enterprise Server An indispensable guide to maximizing Linux system and application performance From Wall Street to Hollywood, Linux runs many of the world's most businesscritical systems. Linux performance now impacts the entire enterprise. In Performance Tuning for Linux Servers, a team of IBM's most-experienced Linux performance specialists shows you how to find bottlenecks, measure performance, and identify effective optimizations. This book doesn't just cover kernel tuning: it shows how to maximize the end-to-end performance of real-world applications and databases running on Linux. Throughout, the authors present realistic examples based on today's most popular enterprise Linux platforms, Intel-based Red Hat Enterprise Linux, and Novell SUSE Linux Enterprise Server. These examples are designed for simplicity, clarity, and easy adaptation to any contemporary Linux environment. You'll discover how to Install and configure Linux for maximum performance from the outset Evaluate and choose the right hardware architecture for your Linux environment Understand Linux kernels 2.4 through 2.6: components, performance issues, and optimization opportunities Master core Linux performance tuning principles and strategies Utilize free, open source tools for measurement, monitoring, system tracing, and benchmarking Interpret performance data to analyze your Linux server's real-world behavior Optimize Linux system schedulers, memory, I/O, file systems, and networking Tune web, file, database, and application servers running commercial workloads Predict the impact of changes in tuning parameters or configurations Tune Linux code: optimize design, timing, sockets, threads, synchronization, and more Architect for maximum performance: SMP scaling, clustering, and topology Integrate kernel and application tuning in end-to-end system optimization projects Whether you're an administrator, developer, integrator, or consultant, Performance Tuning for Linux Serverswill help you maximize the performance and value of every Linux system and application you run. © Copyright Pearson Education. All rights reserved. 
533 |a Electronic reproduction.  |b Boston, MA :  |c Safari,  |n Available via World Wide Web.  |d 2005. 
538 |a Mode of access: World Wide Web. 
542 |f © Copyright 2005 by International Business Machines Corporation.  |g 2005 
588 |a Online resource; Title from title page (viewed May 27, 2005) 
500 |a Electronic resource. 
655 7 |a Electronic books.  |2 local 
700 1 |a Huizenga, Gerrit,  |e author.  |0 http://id.loc.gov/authorities/names/no2005074631 
700 1 |a Pulavarty, Badari,  |e author.  |0 http://id.loc.gov/authorities/names/no2005074636 
710 2 |a Safari, an O'Reilly Media Company. 
856 4 0 |u https://proxy.library.tamu.edu/login?url=https://go.oreilly.com/TAMU/library/view/-/013144753X/?ar  |z Connect to this electronic resource  |t 0 
999 f f |s 903e35a0-0af4-3da3-8a0b-ddb01631a8a5  |i 5325f993-43e5-3a87-9e46-dc173816599a  |t 0 
952 f f |a Texas A&M University  |b College Station  |c Electronic Resources  |s www_evans  |d Available Online  |t 0  |h No information provided 
998 f f |t 0  |l Available Online